| 000 | 02017nam a2200361Ia 4500 | ||
|---|---|---|---|
| 999 |
_c54874 _d54874 |
||
| 001 | 21943 | ||
| 003 | GE_BSU | ||
| 005 | 20220831143759.0 | ||
| 008 | 181216s2010||||ge |||||||||||||| ||geo|| | ||
| 020 | _a9789941025693 | ||
| 040 | _cGE_BSU | ||
| 041 | _ageo | ||
| 080 | _a81'27+81'242+811.353.1'282 გ-13 | ||
| 100 |
_aგაბუნია, კახა _94175 |
||
| 245 |
_aენობრივი სიტუაცია თანამედროვე საქართველოში : _bქართველური ენები / _cკახა გაბუნია, ლალი ეზუგბაია, ჭაბუკი ქირია ; რედ. მანანა თანდაშვილი. |
||
| 264 |
_aთბილისი : _bსაიმედო, _c2010. |
||
| 300 |
_a219 გვ. ; _c20 სმ. |
||
| 504 | _aბიბლიოგრაფია გვ. : 215-218 | ||
| 653 | _aენათმეცნიერება | ||
| 653 | _aენობრივი სიტუაცია თანამედროვე საქართველოში : | ||
| 653 | _aქართველური ენები | ||
| 653 | _aსოციოლინგვისტიკა | ||
| 653 | _aსაქართველოს სახელმწიფო ენა | ||
| 653 | _a ენობრივი უმცირესობები საქართველოში | ||
| 653 | _a ბილინგვიზმი საქართველოში | ||
| 653 | _a ქართული ენის დიალექტები | ||
| 653 | _a ქართული ენა | ||
| 653 | _a ქართველური ენები | ||
| 700 |
_a ეზუგბაია, ლალი _eავტორი _914566 |
||
| 700 |
_aქირია, ჭაბუკი _eავტორი _914567 |
||
| 700 |
_aთანდაშვილი, მანანა _eრედაქტორი _92139 |
||
| 942 |
_cBK _2udc |
||